| Tag |
First Indicator |
Second Indicator |
Subfields |
| LEADER |
00000cam a2200000 a 4500 |
| 001 |
in00000069802 |
| 005 |
20151008055848.0 |
| 008 |
770427c19721960cauc 00100 eng d |
| 010 |
|
|
|a 60016495
|
| 035 |
|
|
|a (OCoLC)02920818
|
| 035 |
|
|
|9 AAJ4577AM
|
| 040 |
|
|
|a IRU
|c IRU
|d TXA
|d UtOrBLW
|
| 049 |
|
|
|a TXAM [1481916]
|
| 090 |
|
|
|a BF637.S8
|b M25 1972
|
| 100 |
1 |
|
|a Maltz, Maxwell,
|d 1899-1975.
|
| 245 |
1 |
0 |
|a Psycho-cybernetics :
|b a new way to get more living out of life /
|c Maxwell Maltz ; foreword by Melvin Powers.
|
| 250 |
|
|
|a 1972 ed.
|
| 264 |
|
1 |
|a No. Hollywood, Calif. :
|b Wilshire Book Co.,
|c 1972
|
| 264 |
|
4 |
|c ©1960
|
| 300 |
|
|
|a xxv, 256 pages :
|b portrait ;
|c 21 cm.
|
| 336 |
|
|
|a text
|b txt
|2 rdacontent
|
| 337 |
|
|
|a unmediated
|b n
|2 rdamedia
|
| 338 |
|
|
|a volume
|b nc
|2 rdacarrier
|
| 504 |
|
|
|a Includes bibliographical references and index.
|
| 650 |
|
0 |
|a Success.
|
| 999 |
|
|
|a MARS
|
| 999 |
f |
f |
|s dfa474c2-d7b3-33c9-8657-b68c096162c8
|i a9d98686-ffd8-3520-ab87-69a3ca010f60
|t 0
|
| 952 |
f |
f |
|p normal
|a Texas A&M University
|b College Station
|c Sterling C. Evans Library
|d Evans: Library Stacks
|t 0
|e BF637.S8 M25 1972
|h Library of Congress classification
|i unmediated -- volume
|m A14806087900
|
| 998 |
f |
f |
|a BF637.S8 M25 1972
|t 0
|l Evans: Library Stacks
|